Max Holloway - UFC Opponents - Statistics

General Stats
  • This quiz has been taken 61 times
    15 since last reset
  • The average score is 16 of 32
Answer Stats
Date W/L/D Opponent % Correct
02/07/22 LOSS - U/DEC - R5 [C] Alexander Volkanovski
100%
11/07/20 LOSS - S/DEC - R5 [C] Alexander Volkanovski
100%
14/12/19 LOSS - U/DEC - R5 [C] Alexander Volkanovski
100%
07/03/26 LOSS - U/DEC - R5 [B] Charles Oliveira
100%
23/08/15 WIN - TKO - R1 Charles Oliveira
100%
26/10/24 LOSS - KO - R3 [C] Ilia Topuria
92%
17/08/13 LOSS - S/DEC - R3 Conor McGregor
83%
19/07/25 WIN - U/DEC - R5 [B] Dustin Poirier
83%
13/04/19 LOSS - U/DEC - R5 [IC] Dustin Poirier
83%
04/02/12 LOSS - SUB - R1 Dustin Poirier
83%
13/04/24 WIN - KO - R5 [B] Justin Gaethje
83%
26/08/23 WIN - KO - R3 Chan Sung Jung
75%
15/04/23 WIN - U/DEC - R5 Arnold Allen
67%
02/12/17 WIN - TKO - R3 [C] Jose Aldo
67%
03/06/17 WIN - TKO - R3 [C] Jose Aldo
67%
10/12/16 WIN - TKO - R3 [IC] Anthony Pettis
58%
08/12/18 WIN - TKO - R4 [C] Brian Ortega
58%
27/07/19 WIN - U/DEC - R5 [C] Frankie Edgar
58%
13/11/21 WIN - U/DEC - R5 Yair Rodriguez
58%
16/01/21 WIN - U/DEC - R5 Calvin Kattar
50%
18/04/15 WIN - SUB - R3 Cub Swanson
25%
14/02/15 WIN - U/DEC - R3 Cole Miller
17%
04/06/16 WIN - U/DEC - R3 Ricardo Lamas
17%
14/12/15 WIN - U/DEC - R3 Jeremy Stephens
8%
04/10/14 WIN - KO - R1 Akira Corassani
0%
26/04/14 WIN - SUB - R3 Andre Fili
0%
23/08/14 WIN - TKO - R3 Clay Collard
0%
25/06/13 LOSS - S/DEC - R3 Dennis Bermudez
0%
11/08/12 WIN - TKO - R2 Justin Lawrence
0%
29/12/12 WIN - S/DEC - R3 Leonard Garcia
0%
01/06/12 WIN - U/DEC - R3 Pat Schilling
0%
04/01/14 WIN - KO - R2 Will Chope
0%
No matching quizzes found
Score Distribution
Percent of People with Each Score
Percentile by Number Answered
Your Score History
You have not taken this quiz since the last reset